Riconosci il Pokémon - Quiz n°437 - Statistics

Statistiche generali
  • Questo quiz è stato fatto 1 volte
  • Il punteggio medio è 7 su 10
Statistiche sulle risposte
Indizio Risposta % Corretto
Altezza 0,3 m
100%
Tasso di cattura 255 (43.9%)
100%
Sesso 50% ♂, 50% ♀
100%
Peso 6,5 kg
100%
Tipo Erba / Normale
100%
Generazione Nona
100%
Abilità Sveglialampo; Coglibacche
100%
Stadio evoluzione Forma Base
0%
Tasso di allevamento Medio-Lento
0%
Pokémon Smoliv
0%
Nessun quiz corrispondente trovato
Distribuzione punteggi
Percentuale di utenti per punteggio
Percentile per numero di risposta
I tuoi punteggi nel tempo
Non hai fatto questo quiz